000 00555nam a2200229Ia 4500
003 OSt
005 20230620103921.0
008 210423s2002 xx 000 0 und d
020 _a723432422
040 _cAL
041 _aeng
082 _a616.079 ROII
100 _aROITT (Ivan);BROSTOFF (Jonathan);MALE (David)
_995710
245 _aImmunology Ed 6
250 _a6
260 _aSydney
_bMosby Publication
_c2002
300 _axii,480
_bPB
365 _b1840
_cINR
650 _aImmunology
_995711
906 _aImmunology
942 _2ddc
_cBK
999 _c162897
_d162897